Giáo trình kĩ thuật chăn nuôi Trâu, Bò Sách dành cho cao đẵng sư phạm
Spremljeno u:
| Glavni autor: | |
|---|---|
| Daljnji autori: | , |
| Format: | Knjiga |
| Izdano: |
H.
Đại học sư phạm
2007
|
| Teme: | |
| Oznake: |
Dodaj oznaku
Bez oznaka, Budi prvi tko označuje ovaj zapis!
|
| Thư viện lưu trữ: | Trung tâm Học liệu Lê Vũ Hùng, Trường Đại học Đồng Tháp |
|---|
| LEADER | 02301pam a22002898a 4500 | ||
|---|---|---|---|
| 001 | 00022198 | ||
| 005 | 20171026081025.0 | ||
| 008 | 110528s2007 ||||||Viesd | ||
| 041 | 0 | # | |a Vie |
| 082 | 1 | 4 | |a 636.200 71 |b GI108TR |
| 100 | 0 | # | |a Trần Trọng Thêm |e Chủ biên |
| 245 | 0 | 0 | |a Giáo trình kĩ thuật chăn nuôi Trâu, Bò |b Sách dành cho cao đẵng sư phạm |c Trần Trọng Thêm, Vũ Chí Cừơng, Vũ Văn Nội |
| 260 | # | # | |a H. |b Đại học sư phạm |c 2007 |
| 300 | # | # | |a 186 tr. |c 24 cm. |
| 500 | # | # | |a Sách nhà nước đặt hàng |
| 650 | # | 4 | |a Bò |
| 650 | # | 4 | |a Chăn nuôi |
| 650 | # | 4 | |a Trâu |
| 653 | # | # | |a Giáo trình |
| 700 | 0 | # | |a Vũ Chí Cường |e tác giả |
| 700 | 0 | # | |e tác giả |a Vũ Văn Nội |
| 852 | # | # | |b Kho mượn |j KGT.0011330 |
| 852 | # | # | |b Kho đọc |j KD.0007955 |
| 852 | # | # | |j KD.0007955 |j KGT.0011331 |j KGT.0011333 |j KGT.0011334 |j KGT.0011336 |j KGT.0011337 |j KGT.0011339 |j KGT.0011340 |j KGT.0011342 |j KGT.0011343 |j KGT.0011345 |j KGT.0011346 |j KGT.0011348 |j KGT.0011349 |j KGT.0011351 |j KGT.0011352 |j KGT.0011354 |j KGT.0011356 |j KGT.0011357 |j KGT.0011359 |j KGT.0011360 |j KGT.0011362 |j KGT.0011363 |j KGT.0011365 |j KGT.0011366 |j KGT.0011368 |j KGT.0011369 |j KGT.0011371 |j KGT.0011372 |j KGT.0011374 |j KGT.0011376 |j KGT.0011377 |j KGT.0011330 |j KGT.0011332 |j KGT.0011335 |j KGT.0011338 |j KGT.0011341 |j KGT.0011344 |j KGT.0011347 |j KGT.0011350 |j KGT.0011353 |j KGT.0011355 |j KGT.0011358 |j KGT.0011361 |j KGT.0011364 |j KGT.0011367 |j KGT.0011370 |j KGT.0011373 |j KGT.0011375 |
| 852 | # | # | |j KGT.0011330, KGT.0011331, KGT.0011332, KGT.0011333, KGT.0011334, KGT.0011335, KGT.0011336, KGT.0011337, KGT.0011338, KGT.0011339, KGT.0011340, KGT.0011341, KGT.0011342, KGT.0011343, KGT.0011344, KGT.0011345, KGT.0011346, KGT.0011347, KGT.0011348, KGT.0011349, KGT.0011350, KGT.0011351, KGT.0011352, KGT.0011353, KGT.0011354, KGT.0011355, KGT.0011356, KGT.0011357, KGT.0011358, KGT.0011359, KGT.0011360, KGT.0011361, KGT.0011362, KGT.0011363, KGT.0011364, KGT.0011365, KGT.0011366, KGT.0011367, KGT.0011368, KGT.0011369, KGT.0011370, KGT.0011371, KGT.0011372, KGT.0011373, KGT.0011374, KGT.0011375, KGT.0011376, KGT.0011377 |b Kho giáo trình |
| 910 | 0 | # | |a nhnam |d 28/05/2011 |
| 980 | # | # | |a Trung tâm Học liệu Lê Vũ Hùng, Trường Đại học Đồng Tháp |